000
00302nam a22001217a 4500
040
_c
Nust
082
_a
621.381
_b
ELE'C
245
_a
Electronic Projects
250
_a
VOL: 11
260
_a
New Delhi:
_b
Eye enterprises publishing,
_c
1996.
650
_a
Electronic Projects
_9
62950
942
_2
ddc
_c
BK
999
_c
612068
_d
612068